| 000 | 01254cam a2200325 a 4500 | ||
|---|---|---|---|
| 005 | 20260322212046.0 | ||
| 008 | data | ||
| 010 | _a 2006038191 | ||
| 015 |
_aGBA691893 _2bnb |
||
| 016 | 7 |
_a013589677 _2Uk |
|
| 020 | _a0313331685 (alk. paper) | ||
| 020 | _a9780313331688 (alk. paper) | ||
| 040 |
_aDLC _cDLC _dDLC _dBAKER _dOCLCQ _dBTCTA _dC#P _dYDXCP _dDLC |
||
| 050 | 0 | 0 |
_aTJ211 _b.N63 2007 |
| 082 | 0 | 0 |
_a629.8/92 _222 |
| 092 | _a629.8 N63 2007 | ||
| 100 | 1 | _aNocks, Lisa. | |
| 245 | 1 | 4 |
_aThe robot : _bthe life story of a technology / _cLisa Nocks. |
| 260 |
_aWestport, Conn. : _bGreenwood Press, _c2007. |
||
| 300 |
_axxxii, 192 p. : _bill. ; _c25 cm. |
||
| 440 | 0 |
_aGreenwood technographies, _x1549-7321 |
|
| 504 | _aIncludes bibliographical references and index. | ||
| 650 | 0 | _aRobots. | |
| 650 | 0 | _aArtificial intelligence. | |
| 856 | 4 | 1 |
_3Table of contents only _uhttp://www.loc.gov/catdir/toc/ecip074/2006038191.html |
| 906 |
_a7 _bcbc _corignew _d1 _eecip _f20 _gy-gencatlg |
||
| 925 | 0 |
_aacquire _b2 shelf copies _xpolicy default |
|
| 955 |
_ejf02 2006-11-14 to Dewey _fpv06 2007-06-06 Z-CipVer |
||
| 001 | data | ||
| 999 |
_c1080 _d1080 |
||